| Registos Bibliográficos associados ao registo de autoridade |
|
Etiqueta de registo: 00254nam 2200025 450 001 2286034 003 http://id.bnportugal.gov.pt/bib/catbnp/2286034 100 ## $a20260508d2026 k y0pory01030103ba 101 0# $aeng$dpor 102 ## $aPT 105 ## $aa m 000yy 106 ## $ar 200 1# $aWhy is populism all the rage? Social psychological underpinnings of populism$fGonçalo Filipe dos Santos Freitas$gorient. Mariana Machado Pires de Miranda, Jorge Manuel Vala Salvador, Pedro Miguel
Dias Costa Coutinho Magalhães 210 #9 $aLisboa$c[s.n.],$d2026 215 ## $a[6], XVIII, 287 p.$cil.$d30 cm 328 #1 $aTese dout. Psicologia (Psicologia Social), Faculdade de Psicologia, Universidade de
Lisboa, 2026 700 #1 $aFreitas,$bGonçalo Filipe dos Santos$31998002 702 #1 $aVala,$bJorge,$f1947-$4727$350529 702 #1 $aMiranda,$bMariana Machado Pires de $4727$31597911 801 #0 $aPT$bBN$gRPC 966 ## $lBN$mFGMON$x1 971 ## $cssilva$d20260508
|
|
|